Základné výrobné fondy - významný faktor štrukturotvorných zmien NHK členských krajín RVHP 1. etapa
Salvato in:
| Autore principale: | |
|---|---|
| Natura: | Libro |
| Lingua: | slovacco |
| Pubblicazione: |
Bratislava
Vysoká škola ekonomická
1982
|
| Tags: |
Nessun Tag, puoi essere il primo ad aggiungerne!!
|
MARC
| LEADER | 00000nam a2200000 4500 | ||
|---|---|---|---|
| 001 | c134786 | ||
| 005 | 20260325125052.4 | ||
| 041 | 0 | |a slo | |
| 044 | |a SK | ||
| 245 | 1 | 0 | |a Základné výrobné fondy - významný faktor štrukturotvorných zmien NHK členských krajín RVHP |b 1. etapa |c Rudolf Maholáni |
| 264 | 1 | |a Bratislava |b Vysoká škola ekonomická |c 1982 | |
| 300 | |a 94 s. | ||
| 100 | 1 | |a Maholáni, Rudolf | |